|
|
|
|
| LEADER |
01064nam a2200277 a 4500 |
| 001 |
3907663 |
| 008 |
111119s1992 nyu 001 0 eng |
| 010 |
|
|
|a 91043210
|
| 020 |
|
|
|a 0333575350
|
| 020 |
|
|
|a 0312079230 (cloth)
|
| 020 |
|
|
|a 0312079222 (pbk.)
|
| 040 |
|
|
|a DLC
|c DLC
|d DLC
|b D-DhAAL
|
| 050 |
0 |
0 |
|a PR2983
|b .B7 1992
|
| 082 |
0 |
0 |
|a 822.3/3
|2 20
|
| 100 |
1 |
|
|a Bradley, A. C.
|q (Andrew Cecil),
|d 1851-1935.
|
| 245 |
1 |
0 |
|a Shakespearean tragedy :
|b lectures on Hamlet, Othello, King Lear, Macbeth /
|c A.C. Bradley ; introduction to the third edition by John Russell Brown.
|
| 250 |
|
|
|a 3rd ed.
|
| 260 |
|
|
|a New York :
|b St. Martin's Press,
|c 1992.
|
| 300 |
|
|
|a xxxvii, 476 p. ;
|c 23 cm.
|
| 500 |
|
|
|a Includes index.
|
| 541 |
|
|
|e 00009289
|
| 600 |
1 |
0 |
|a Shakespeare, William,
|d 1564-1616
|x Tragedies.
|
| 650 |
|
0 |
|a Tragedy.
|
| 852 |
1 |
|
|a Ayesha Abed Library
|c General shelf.
|
| 999 |
|
|
|c 11434
|d 11434
|
| 952 |
|
|
|0 0
|1 0
|2 ddc
|4 0
|6 822_330000000000000_BRA
|7 0
|9 18587
|a BRACUL
|b BRACUL
|c GEN
|d 2011-11-19
|l 24
|m 51
|o 822.33 BRA
|p 3010009289
|r 2026-04-02
|s 2026-03-29
|t 1
|w 2011-11-19
|y BK
|